Legitimación activa en las alternativas "cuasi" impugnativas de la fecha inicial de la insolvencia (Registro nro. 33301)

Detalles MARC
000 -LEADER
fixed length control field 00448 a2200121 4500
001 - CONTROL NUMBER
control field ART_41522
005 - DATE AND TIME OF LATEST TRANSACTION
control field 20260410162023.0
008 - FIXED-LENGTH DATA ELEMENTS--GENERAL INFORMATION
fixed length control field 260409a
100 1# - MAIN ENTRY--PERSONAL NAME
Personal name Junyent Bas, Francisco
245 10 - TITLE STATEMENT
Title Legitimación activa en las alternativas "cuasi" impugnativas de la fecha inicial de la insolvencia
700 1# - ADDED ENTRY--PERSONAL NAME
Personal name Molina Sandoval, Carlos A.
773 0# - HOST ITEM ENTRY
Title Revista de las sociedades y concursos
Related parts - Nº 28 (mayo/jun. 2004)
Record control number REV41519

No hay ítems disponibles.